[Event "Rated Blitz game"]
[Site "?"]
[Date "2021.10.25"]
[Round "?"]
[White "Templario64"]
[Black "ALJHoNNDZ"]
[Result "1-0"]
[WhiteElo "2448"]
[BlackElo "2300"]
[PlyCount "79"]
[EventDate "2021.??.??"]
[EventType "blitz"]

1. e4 e5 2. Nf3 d5 3. exd5 e4 4. Ne5 Qxd5 5. d4 exd3 6. Nxd3 Bf5 7. Be2 Qe6 8.
O-O Nc6 9. Re1 O-O-O 10. Nc3 Nf6 11. Bf4 Nd4 12. Bf1 Qb6 13. Be5 Bd6 14. Bxd4
Qxd4 15. Nb5 Qh4 16. Nxd6+ Rxd6 17. Qf3 Bg4 18. Qg3 Qh5 19. h3 Be6 20. Re5 Qg6
21. Nf4 Qxc2 22. Nxe6 Qxb2 23. Rae1 Rxe6 24. Rxe6 fxe6 25. Qxg7 Rg8 26. Qf7 Rd8
27. Qxe6+ Kb8 28. g3 Nd5 29. Bg2 Nb6 30. Qe4 c6 31. Qxh7 Qxa2 32. Re7 Nd5 33.
Rxb7+ Ka8 34. Rd7 Rf8 35. Kh2 Qxf2 36. Qg6 Nf6 37. Rd6 Ng4+ 38. Qxg4 Rh8 39.
Rxc6 Kb8 40. Qb4+ {Time forfeit} 1-0

[Event "Rated Blitz game"]
[Site "?"]
[Date "2021.10.25"]
[Round "?"]
[White "fussi"]
[Black "RCompany_1"]
[Result "1-0"]
[WhiteElo "2523"]
[BlackElo "2408"]
[PlyCount "79"]
[EventDate "2021.??.??"]
[EventType "blitz"]

1. e4 e5 2. Nf3 d5 3. exd5 e4 4. Ng5 Qxd5 5. d3 exd3 6. Qxd3 Bb4+ 7. c3 Qxd3 8.
Bxd3 Be7 9. O-O h6 10. Nf3 Nc6 11. Bf4 Bg4 12. Bxc7 Bxf3 13. gxf3 Nf6 14. Re1
O-O 15. Bb5 Rfe8 16. Nd2 Nd5 17. Bxc6 bxc6 18. Bg3 h5 19. h4 f6 20. Nc4 g5 21.
hxg5 fxg5 22. Re6 h4 23. Bh2 Rac8 24. Rae1 Kf7 25. Kg2 Bc5 26. R6e4 Nf6 27.
Rxe8 Rxe8 28. Rxe8 Kxe8 29. Ne5 Bd6 30. Nxc6 Bxh2 31. Kxh2 Nd5 32. Nxa7 Nf4 33.
Nb5 Nd3 34. b3 Nxf2 35. Nd4 Kf7 36. a4 Nd1 37. Ne2 Ke6 38. a5 Kd5 39. b4 Kc6
40. c4 {Time forfeit} 1-0

[Event "11th Dziedzica Mem 2021"]
[Site "Trzcianka POL"]
[Date "2021.10.24"]
[Round "2.8"]
[White "Niekras, Dawid"]
[Black "Orzechowski, Marcin"]
[Result "1-0"]
[WhiteElo "2314"]
[BlackElo "1654"]
[PlyCount "41"]
[EventDate "2021.10.24"]
[SourceTitle "The Week in Chess 1407"]
[Source "Mark Crowther"]
[SourceDate "2021.10.25"]
[SourceVersion "1"]
[SourceVersionDate "2021.10.25"]
[SourceQuality "2"]

1. e4 e5 2. Nf3 d5 3. Nxe5 Bd6 4. d4 dxe4 5. Nc4 Nf6 6. Nxd6+ Qxd6 7. Be2 O-O
8. O-O Nc6 9. c3 Bf5 10. Nd2 Rad8 11. Nc4 Qe7 12. Bg5 h6 13. Bh4 Bg6 14. Ne3
Qd6 15. Qb3 Na5 16. Qb5 b6 17. Qe5 Rfe8 18. Qxd6 Rxd6 19. b4 Nb7 20. Bg3 Re7
21. Bxd6 1-0

[Event "Rated Blitz game"]
[Site "?"]
[Date "2021.10.24"]
[Round "?"]
[White "Hwacha"]
[Black "Annali-annaliew1979"]
[Result "0-1"]
[WhiteElo "2561"]
[BlackElo "2425"]
[PlyCount "92"]
[EventDate "2021.??.??"]
[EventType "blitz"]

1. e4 e5 2. Nf3 d5 3. Nxe5 Qe7 4. d4 f6 5. Nf3 dxe4 6. Nfd2 f5 7. c4 Nf6 8. Nc3
Nc6 9. Nb3 Qf7 10. h3 Bd6 11. c5 Be7 12. Bg5 h6 13. Bxf6 Bxf6 14. Bb5 a6 15.
Ba4 O-O 16. O-O Rd8 17. d5 Bxc3 18. bxc3 Rxd5 19. Qe2 Be6 20. Rfd1 Rad8 21.
Rxd5 Rxd5 22. Bxc6 bxc6 23. Qxa6 Qd7 24. Qe2 Bf7 25. Re1 Rd3 26. Qc2 f4 27.
Rxe4 Bg6 28. Rd4 Rxd4 29. Qxg6 Rd1+ 30. Kh2 f3 31. Nd4 fxg2 32. Qxg2 Qf7 33. f3
Qf4+ 34. Qg3 Rh1+ 35. Kg2 Rg1+ 36. Kxg1 Qxg3+ 37. Kf1 Qxh3+ 38. Ke2 Qh5 39. Ke3
Qxc5 40. a4 Qxc3+ 41. Ke4 Qb4 42. Ke5 Qd6+ 43. Ke4 c5 44. Nf5 Qe6+ 45. Kf4 g5+
46. Kg4 Kh7 {Time forfeit} 0-1

[Event "Rated Blitz game"]
[Site "?"]
[Date "2021.10.24"]
[Round "?"]
[White "flo50"]
[Black "khalid_ontawar"]
[Result "1/2-1/2"]
[WhiteElo "2516"]
[BlackElo "2438"]
[PlyCount "140"]
[EventDate "2021.??.??"]
[EventType "blitz"]

1. e4 e5 2. Nf3 d5 3. exd5 e4 4. Qe2 Nf6 5. Nc3 Bf5 6. Nd4 Bd7 7. Nxe4 Nxe4 8.
Qxe4+ Be7 9. Bd3 g6 10. O-O O-O 11. c3 Bf6 12. Nf3 Bf5 13. Qc4 b5 14. Qxb5 a6
15. Qc4 Bd7 16. a4 c6 17. Be4 cxd5 18. Bxd5 Ra7 19. d4 Rc7 20. Qb3 Nc6 21. Bf4
Rc8 22. Ne5 Na5 23. Qa2 Bxe5 24. Bxe5 Nc6 25. Bg3 h5 26. Rfe1 Qf6 27. Re3 Rce8
28. Rae1 Rxe3 29. Rxe3 h4 30. Be5 Nxe5 31. dxe5 Qg5 32. e6 fxe6 33. Bxe6+ Bxe6
34. Qxe6+ Kg7 35. Qe7+ Qxe7 36. Rxe7+ Kf6 37. Ra7 Rd8 38. Rxa6+ Kg5 39. f4+
Kxf4 40. Rxg6 Rd1+ 41. Kf2 Rd2+ 42. Ke1 Rxb2 43. h3 Ke3 44. Kd1 Kd3 45. Kc1 Rf2
46. Rc6 Rxg2 47. a5 Rg5 48. a6 Rb5 49. a7 Ra5 50. Rc7 Ke3 51. Kb2 Kf3 52. Kb3
Kg3 53. Kb4 Ra1 54. c4 Kxh3 55. Kb5 Kg2 56. Kb6 h3 57. Rg7+ Kf3 58. c5 h2 59.
Rh7 Rb1+ 60. Kc7 Ra1 61. Rxh2 Rxa7+ 62. Kb6 Ra2 63. c6 Rxh2 64. c7 Rb2+ 65. Ka7
Ra2+ 66. Kb8 Rb2+ 67. Ka8 Ra2+ 68. Kb8 Rb2+ 69. Ka8 Rc2 70. Kb8 Rb2+ {Normal}
1/2-1/2

[Event "Rated Blitz game"]
[Site "?"]
[Date "2021.10.24"]
[Round "?"]
[White "slave-trajkoski"]
[Black "Annali-annaliew1979"]
[Result "1-0"]
[WhiteElo "2472"]
[BlackElo "2440"]
[PlyCount "129"]
[EventDate "2021.??.??"]
[EventType "blitz"]

1. e4 e5 2. Nf3 d5 3. d4 dxe4 4. Nxe5 Bd6 5. Nc4 Nf6 6. Nc3 h6 7. Be2 O-O 8.
O-O Bf5 9. Ne3 Bg6 10. f4 exf3 11. Bxf3 Nc6 12. Ncd5 Nxd5 13. Nxd5 Qh4 14. g3
Qxd4+ 15. Qxd4 Nxd4 16. Ne3 c6 17. c3 Nxf3+ 18. Rxf3 Rae8 19. Bd2 Bc5 20. Re1
Rd8 21. Rf2 Rfe8 22. Kg2 Be4+ 23. Kh3 Bd3 24. Rf3 Be4 25. Rf2 Bg6 26. Rfe2 Rxd2
27. Rxd2 Rxe3 28. Rxe3 Bxe3 29. Rd8+ Kh7 30. Kg4 Bc1 31. b3 Bb2 32. c4 Be5 33.
Rd7 b5 34. Rxa7 bxc4 35. bxc4 Bd3 36. c5 f5+ 37. Kf3 Bd4 38. Rd7 Bxc5 39. Rxd3
Kg6 40. Rc3 Bd4 41. Rxc6+ Kf7 42. a4 g5 43. a5 h5 44. a6 Bg1 45. Rc7+ Ke6 46.
a7 Bxa7 47. Rxa7 Ke5 48. h3 g4+ 49. hxg4 hxg4+ 50. Ke3 Kd5 51. Kf4 Ke6 52. Ra5
Kf6 53. Rxf5+ Kg6 54. Rg5+ Kh6 55. Rxg4 Kh5 56. Rg5+ Kh6 57. Rf5 Kg6 58. g4 Kh6
59. g5+ Kg6 60. Rf6+ Kh5 61. Kf5 Kh4 62. g6 Kh5 63. g7 Kh4 64. g8=Q Kh3 65.
Rh6# {Normal} 1-0

[Event "Rated Blitz game"]
[Site "?"]
[Date "2021.10.24"]
[Round "?"]
[White "satoshi1126"]
[Black "Annali-annaliew1979"]
[Result "0-1"]
[WhiteElo "2577"]
[BlackElo "2457"]
[PlyCount "48"]
[EventDate "2021.??.??"]
[EventType "blitz"]

1. e4 e5 2. Nf3 d5 3. Nxe5 Qe7 4. d4 f6 5. Qh5+ g6 6. Nxg6 Qxe4+ 7. Be2 Qxg6 8.
Qf3 Ne7 9. Nc3 c6 10. Bf4 Bf5 11. O-O-O Nd7 12. h3 h5 13. Rhe1 O-O-O 14. Bd3
Bxd3 15. Rxd3 Nf5 16. Kb1 Nd6 17. Nxd5 cxd5 18. Rc3+ Kb8 19. Qxd5 Nb6 20. Qc5
Ka8 21. Qa5 Bh6 22. Bxd6 Rxd6 23. Ra3 Nc8 24. Qc5 Rc6 {Normal} 0-1

[Event "Rated Blitz game"]
[Site "?"]
[Date "2021.10.24"]
[Round "?"]
[White "ilbradipo"]
[Black "elrond"]
[Result "0-1"]
[WhiteElo "2353"]
[BlackElo "2447"]
[PlyCount "122"]
[EventDate "2021.??.??"]
[EventType "blitz"]

1. e4 e5 2. Nf3 d5 3. Nc3 dxe4 4. Nxe4 Nf6 5. Nxf6+ Qxf6 6. Bc4 Nc6 7. Qe2 Bc5
8. d3 O-O 9. O-O Bg4 10. Bd5 Nd4 11. Qd1 c6 12. Be4 Bxf3 13. Bxf3 Nxf3+ 14.
Qxf3 Qxf3 15. gxf3 f5 16. Be3 Bd6 17. Kg2 a6 18. Rg1 Kf7 19. h4 Ke6 20. Kh3 g6
21. Bg5 Rae8 22. Rae1 Kd5 23. c3 b5 24. Bd2 a5 25. h5 Rg8 26. h6 a4 27. Kg2 g5
28. Kf1 Be7 29. Ke2 Rg6 30. Rh1 Bf8 31. Reg1 f4 32. Rh5 Bxh6 33. Rgh1 Ree6 34.
Kd1 Kd6 35. Kc2 Ke7 36. c4 Kf7 37. cxb5 cxb5 38. Bc3 Rc6 39. Kd2 Rge6 40. a3
Kg7 41. Re1 Kg6 42. Reh1 Bf8 43. Rxh7 Kf5 44. Re1 Bc5 45. Rf7+ Kg6 46. Rb7 b4
47. axb4 Bxf2 48. Rxe5 Be3+ 49. Ke2 Rxe5 50. Bxe5 Rc2+ 51. Ke1 g4 52. fxg4 f3
53. Rc7 Re2+ 54. Kf1 Rf2+ 55. Ke1 Rg2 56. Kd1 Rd2+ 57. Ke1 f2+ 58. Kf1 Rd1+ 59.
Ke2 f1=Q+ 60. Kxe3 Rxd3+ 61. Ke4 Qf3# {Normal} 0-1

[Event "Rated Blitz game"]
[Site "?"]
[Date "2021.10.24"]
[Round "?"]
[White "beatthevirus"]
[Black "larsental3"]
[Result "0-1"]
[WhiteElo "2286"]
[BlackElo "2403"]
[PlyCount "56"]
[EventDate "2021.??.??"]
[EventType "blitz"]

1. e4 e5 2. Nf3 d5 3. Nc3 d4 4. Ne2 f6 5. d3 Be6 6. c3 c5 7. b4 cxb4 8. cxd4
exd4 9. Nexd4 Bf7 10. Be2 Bc5 11. Be3 Nd7 12. O-O Ne7 13. Nb5 Bxe3 14. fxe3 Qb6
15. d4 O-O 16. Rc1 Rac8 17. d5 Qxe3+ 18. Kh1 Rxc1 19. Qxc1 Qxe2 20. Nbd4 Qxe4
21. Qc7 Qxd5 22. Rd1 Nc6 23. Rd2 Nde5 24. Nxe5 Nxe5 25. Nf3 Qe4 26. h3 Nxf3 27.
gxf3 Qxf3+ 28. Kh2 Be6 {Time forfeit} 0-1

[Event "Rated Blitz game"]
[Site "?"]
[Date "2021.10.24"]
[Round "?"]
[White "BlindedDreadnaught"]
[Black "Annali-annaliew1979"]
[Result "1-0"]
[WhiteElo "2414"]
[BlackElo "2391"]
[PlyCount "109"]
[EventDate "2021.??.??"]
[EventType "blitz"]

1. e4 e5 2. Nf3 d5 3. exd5 e4 4. Qe2 f5 5. d3 Nf6 6. dxe4 fxe4 7. Nc3 Bb4 8.
Qb5+ c6 9. Qxb4 exf3 10. Bg5 a5 11. Qa3 b5 12. Qc5 Qe7+ 13. Qxe7+ Kxe7 14. dxc6
b4 15. Nd5+ Kd6 16. Nxf6 gxf6 17. O-O-O+ Kxc6 18. Bxf6 Rf8 19. Bd4 Bg4 20. h3
Bh5 21. g4 Bg6 22. Bc4 Nd7 23. Bg7 Nb6 24. Bxf8 Nxc4 25. Bg7 a4 26. Rd4 Kc5 27.
Rhd1 a3 28. b3 Nb6 29. Rf4 Rc8 30. Bd4+ Kb5 31. Rd2 Nd5 32. Rxf3 Re8 33. Be3
Nc3 34. Bd4 Nxa2+ 35. Kb1 Nc3+ 36. Bxc3 bxc3 37. Rxc3 Re1+ 38. Ka2 Kb4 39. Rc4+
Kb5 40. Kxa3 Bf7 41. Rb4+ Kc5 42. Rf4 Bg6 43. b4+ Kb5 44. c4+ Kc6 45. Rf6+ Kc7
46. b5 Rb1 47. Rb2 Rc1 48. Kb4 Bd3 49. Rc6+ Kb7 50. Ra2 Be4 51. Rd6 Bf3 52. b6
Kb8 53. Kc5 Rb1 54. Rd8+ Kb7 55. Ra7# {Normal} 1-0

[Event "Rated Blitz tournament N4srlers"]
[Site "?"]
[Date "2021.10.24"]
[Round "?"]
[White "Isoceles"]
[Black "CaroyinixDiscomix"]
[Result "0-1"]
[WhiteElo "2390"]
[BlackElo "2414"]
[PlyCount "102"]
[EventDate "2021.??.??"]
[EventType "blitz"]

1. e4 e5 2. Nf3 d5 3. Nxe5 Bd6 4. d4 dxe4 5. Nc3 Bxe5 6. dxe5 Qxd1+ 7. Nxd1 Nc6
8. Nc3 Nxe5 9. Nxe4 Bf5 10. Ng3 Bxc2 11. Bf4 Ng6 12. Bxc7 Kd7 13. Ba5 Re8+ 14.
Kd2 Ba4 15. Bc3 Nf6 16. Bc4 Ne5 17. Be2 Bc6 18. f3 Nd5 19. Bd4 Kc8 20. Bxa7 Nf4
21. Bf1 Rd8+ 22. Kc2 Rhe8 23. Re1 Ned3 24. Bxd3 Nxd3 25. Rxe8 Bxe8 26. a3 Nf4
27. Rg1 g6 28. Be3 Nd5 29. Bd2 f5 30. Re1 Ba4+ 31. b3 Bc6 32. Ne2 Kc7 33. Bc3
Nxc3 34. Nxc3 Rd7 35. Re5 Rf7 36. b4 Kd6 37. Re3 f4 38. Rd3+ Kc7 39. b5 Bd7 40.
Kd2 Bf5 41. Rd4 Kb6 42. Rxf4 Rd7+ 43. Kc1 Rd3 44. Rc4 Ka5 45. Rc7 Kb6 46. Rc4
Be6 47. Na4+ Kxb5 48. Rb4+ Ka5 49. Nc5 Rc3+ 50. Kb2 Rxc5 51. Rxb7 Rb5+ {
Time forfeit} 0-1

[Event "Rated Blitz game"]
[Site "?"]
[Date "2021.10.24"]
[Round "?"]
[White "Mouradben"]
[Black "jeruchess"]
[Result "1-0"]
[WhiteElo "2402"]
[BlackElo "2335"]
[PlyCount "149"]
[EventDate "2021.??.??"]
[EventType "blitz"]

1. e4 e5 2. Nf3 d5 3. Nxe5 Bd6 4. d4 dxe4 5. Nc3 Bxe5 6. dxe5 Qxd1+ 7. Nxd1 Nc6
8. Bf4 Nge7 9. Bb5 Bf5 10. Ne3 O-O-O 11. Nxf5 Nxf5 12. Bxc6 bxc6 13. O-O Nd4
14. Bg5 Rde8 15. c3 Ne6 16. Be3 Kb7 17. Rad1 Re7 18. Rd2 Rhe8 19. Rfd1 h6 20.
g3 g5 21. Rd7 a6 22. a4 Kc8 23. Rxe7 Rxe7 24. Kg2 Ng7 25. Bd4 Ne6 26. Re1 c5
27. Be3 Kb7 28. b4 cxb4 29. cxb4 Ng7 30. Bd4 Ne6 31. Bc3 Rd7 32. Rxe4 Rd3 33.
Be1 Ra3 34. a5 Kc6 35. Re2 Kd5 36. h3 h5 37. Bd2 g4 38. hxg4 hxg4 39. Bf4 Nxf4+
40. gxf4 Rb3 41. Rd2+ Ke6 42. Rc2 Kd7 43. Rc4 c6 44. f5 Rb2 45. Kg3 Re2 46.
Kxg4 Rxe5 47. f4 Re1 48. f6 Rg1+ 49. Kf5 Kd6 50. Rd4+ Kc7 51. Re4 Kd6 52. Re7
Rb1 53. Rxf7 Rxb4 54. Ra7 Rb5+ 55. Kg6 Rxa5 56. f7 Rb5 57. f8=Q+ Kd5 58. Rd7+
Kc4 59. Rc7 c5 60. Qe8 a5 61. Qc8 a4 62. Qa6 Kb4 63. Rb7 Rxb7 64. Qxb7+ Kc3 65.
f5 c4 66. f6 a3 67. f7 a2 68. Qa6 Kb2 69. Qb5+ Kc3 70. Qa5+ Kb3 71. f8=Q c3 72.
Qfa3+ Kc2 73. Qxa2+ Kd3 74. Qxc3+ Ke4 75. Qac4# {Normal} 1-0

[Event "Rated Blitz game"]
[Site "?"]
[Date "2021.10.24"]
[Round "?"]
[White "Dzon_Vejn"]
[Black "Annali-annaliew1979"]
[Result "1-0"]
[WhiteElo "2501"]
[BlackElo "2442"]
[PlyCount "167"]
[EventDate "2021.??.??"]
[EventType "blitz"]

1. e4 e5 2. Nf3 d5 3. exd5 e4 4. Qe2 f5 5. d3 Nf6 6. Nc3 Bb4 7. Bd2 Bxc3 8.
Bxc3 O-O 9. dxe4 Nxe4 10. O-O-O Nxc3 11. bxc3 Qf6 12. Qe5 Qb6 13. Bc4 Kh8 14.
Ng5 Qh6 15. f4 Nd7 16. Qe7 Qf6 17. Qxf6 Nxf6 18. Rhe1 h6 19. Ne6 Bxe6 20. Rxe6
Ne4 21. Re7 Nxc3 22. Rd3 Ne4 23. Rxc7 b6 24. d6 Rad8 25. d7 Nc5 26. Rd5 g6 27.
Bb5 Kg7 28. Bc6 Kf6 29. Rxa7 Ke6 30. g3 Ke7 31. a4 Rf6 32. Bb5 Rd6 33. Rxd6
Kxd6 34. a5 bxa5 35. Rxa5 Nxd7 36. Ra6+ Kc5 37. Bxd7 Rxd7 38. Rxg6 Rh7 39. Rf6
Kd4 40. Rxf5 Ke4 41. Rh5 Kf3 42. c3 Kg4 43. Rh4+ Kf3 44. Kc2 h5 45. c4 Re7 46.
Kc3 Re3+ 47. Kb4 Re4 48. Kb5 Re2 49. c5 Rb2+ 50. Kc6 Ke4 51. Rxh5 Rc2 52. Rg5
Rd2 53. f5 Ke5 54. f6+ Kxf6 55. Rh5 Kg6 56. Rh4 Kg5 57. Kc7 Rc2 58. c6 Kf5 59.
Kd7 Rd2+ 60. Kc8 Ke6 61. c7 Kd6 62. Rh7 Rc2 63. h4 Rc4 64. h5 Rg4 65. Rd7+ Ke6
66. Rd8 Rxg3 67. h6 Rh3 68. h7 Rxh7 69. Kb8 Ke7 70. c8=Q Rh6 71. Rd7+ Ke6 72.
Qc6+ Kf5 73. Qxh6 Kg4 74. Rg7+ Kf5 75. Qg6+ Ke5 76. Qf7 Kd6 77. Rg6+ Kc5 78.
Qf6 Kc4 79. Rg5 Kd3 80. Qh6 Ke4 81. Qh4+ Kf3 82. Rg3+ Ke2 83. Qh2+ Kf1 84. Rg1#
{Normal} 1-0

[Event "Rated Blitz game"]
[Site "?"]
[Date "2021.10.24"]
[Round "?"]
[White "qocaqartal"]
[Black "ahoramahora"]
[Result "1-0"]
[WhiteElo "2422"]
[BlackElo "2422"]
[PlyCount "79"]
[EventDate "2021.??.??"]
[EventType "blitz"]

1. e4 e5 2. Nf3 d5 3. d4 dxe4 4. Nxe5 Nd7 5. Nc4 Ngf6 6. Nc3 h6 7. h3 Bb4 8.
Bd2 O-O 9. a3 Bxc3 10. Bxc3 Nd5 11. Qd2 f5 12. O-O-O f4 13. Ne5 e3 14. fxe3
Nxe3 15. Re1 Nxe5 16. dxe5 Qxd2+ 17. Bxd2 Nxf1 18. Rhxf1 Be6 19. Rxf4 Rxf4 20.
Bxf4 Rf8 21. Be3 b6 22. Kd2 Rf5 23. Bd4 Kf7 24. Ke3 Bd5 25. Rg1 Ke6 26. b3 c5
27. Bb2 c4 28. b4 b5 29. Bd4 a6 30. Ke2 h5 31. g4 Rf4 32. Be3 Re4 33. gxh5 Rh4
34. Rxg7 Rxh5 35. Bf4 Rxh3 36. Rg6+ Kf5 37. Rf6+ Ke4 38. e6 Rxa3 39. e7 Bc6 40.
Rxc6 {Normal} 1-0

[Event "Rated Blitz game"]
[Site "?"]
[Date "2021.10.24"]
[Round "?"]
[White "TestRun17"]
[Black "MischieviousPawn"]
[Result "1-0"]
[WhiteElo "2404"]
[BlackElo "2417"]
[PlyCount "73"]
[EventDate "2021.??.??"]
[EventType "blitz"]

1. e4 e5 2. Nf3 d5 3. exd5 e4 4. Ne5 Nf6 5. d4 Bd6 6. c4 O-O 7. Be2 c6 8. dxc6
Nxc6 9. Nxc6 bxc6 10. O-O Qc7 11. h3 Bf5 12. Nc3 Qd7 13. Bg5 Bxh3 14. Bxf6 gxf6
15. Nxe4 Kh8 16. Nxf6 Rg8 17. Nxg8 Rxg8 18. Bf3 Qf5 19. Re1 Qg5 20. Kf1 Bxg2+
21. Bxg2 Qxg2+ 22. Ke2 Rg4 23. Rg1 Qe4+ 24. Kf1 Rf4 25. Qe2 f5 26. Qxe4 fxe4
27. Ke2 h6 28. Rg6 Bf8 29. Rxc6 Bg7 30. Rd1 Bf6 31. Re6 Bh4 32. Rf1 Rg4 33. Ke3
Kg7 34. Rxe4 Rxe4+ 35. Kxe4 Bg5 36. f4 Kf6 37. fxg5+ {Normal} 1-0

[Event "Rated Blitz game"]
[Site "?"]
[Date "2021.10.24"]
[Round "?"]
[White "TestRun17"]
[Black "MischieviousPawn"]
[Result "0-1"]
[WhiteElo "2416"]
[BlackElo "2405"]
[PlyCount "64"]
[EventDate "2021.??.??"]
[EventType "blitz"]

1. e4 e5 2. Nf3 d5 3. Nc3 dxe4 4. Nxe4 f5 5. Ng3 e4 6. Ne5 Be6 7. d4 Nc6 8.
Nxc6 bxc6 9. c3 Bd6 10. Qa4 Qd7 11. Ne2 Ne7 12. Nf4 Bf7 13. Bc4 Nd5 14. Nxd5
Bxd5 15. Bxd5 cxd5 16. Qxd7+ Kxd7 17. Ke2 f4 18. b3 g5 19. c4 c6 20. Bd2 h5 21.
g3 Raf8 22. cxd5 cxd5 23. Rhc1 h4 24. g4 f3+ 25. Kf1 h3 26. Kg1 Bf4 27. Be3
Bxe3 28. fxe3 Rh4 29. Kf2 Rxg4 30. Rg1 Rg2+ 31. Rxg2 fxg2+ 32. Kg3 Rf1 {Normal}
0-1

[Event "Rated Blitz game"]
[Site "?"]
[Date "2021.10.24"]
[Round "?"]
[White "TestRun17"]
[Black "MischieviousPawn"]
[Result "1-0"]
[WhiteElo "2404"]
[BlackElo "2416"]
[PlyCount "111"]
[EventDate "2021.??.??"]
[EventType "blitz"]

1. e4 e5 2. Nf3 d5 3. exd5 e4 4. Ne5 Bd6 5. d4 Nf6 6. c4 O-O 7. Be2 c6 8. dxc6
Nxc6 9. Nxc6 bxc6 10. O-O Qc7 11. h3 Bf5 12. Nc3 Qd7 13. Bg5 Rae8 14. Bxf6 gxf6
15. Bg4 Kh8 16. Bxf5 Qxf5 17. Qg4 Qa5 18. Qd7 Re6 19. d5 cxd5 20. cxd5 Rd8 21.
Qxf7 Re7 22. Qxf6+ Rg7 23. Nxe4 Be7 24. Qc6 Rdg8 25. g3 Qb4 26. Rfe1 Qxb2 27.
d6 Bh4 28. Qc3 Qb6 29. Kg2 h5 30. Re3 Kh7 31. Nf6+ Bxf6 32. Qxf6 Qxe3 33. fxe3
Rxg3+ 34. Kf2 Rg2+ 35. Kf3 R8g3+ 36. Ke4 Rg6 37. Qe7+ Rg7 38. Qh4 R2g6 39.
Qxh5+ Kg8 40. Rd1 Re6+ 41. Kd5 Rf6 42. e4 Rff7 43. e5 Rh7 44. Qxf7+ Rxf7 45. e6
Rf5+ 46. Kc6 Kg7 47. e7 Re5 48. Rd5 Kf6 49. Rxe5 Kxe5 50. e8=Q+ Kd4 51. Qa8 Kc3
52. Qxa7 Kb2 53. d7 Ka1 54. d8=Q Kb1 55. Qac7 Ka1 56. Qdb8 {Time forfeit} 1-0

[Event "Rated Blitz game"]
[Site "?"]
[Date "2021.10.24"]
[Round "?"]
[White "mikailidis_efkerios"]
[Black "larsental3"]
[Result "1-0"]
[WhiteElo "2564"]
[BlackElo "2406"]
[PlyCount "29"]
[EventDate "2021.??.??"]
[EventType "blitz"]

1. e4 e5 2. Nf3 d5 3. exd5 e4 4. Qe2 Nf6 5. d3 Qxd5 6. Nbd2 Bf5 7. dxe4 Nxe4 8.
Ng5 Bb4 9. c3 O-O 10. Ngxe4 Nc6 11. Qc4 Bxe4 12. Nxe4 Qxc4 13. Bxc4 Rfe8 14. f3
Ne5 15. Be2 {Normal} 1-0

[Event "Rated Blitz game"]
[Site "?"]
[Date "2021.10.24"]
[Round "?"]
[White "ArieWerksma"]
[Black "Annali-annaliew1979"]
[Result "1-0"]
[WhiteElo "2464"]
[BlackElo "2435"]
[PlyCount "77"]
[EventDate "2021.??.??"]
[EventType "blitz"]

1. e4 e5 2. Nf3 d5 3. exd5 e4 4. Ne5 Bd6 5. d4 Nf6 6. c4 b6 7. Be3 O-O 8. Be2
h6 9. Nc3 Bf5 10. h3 Re8 11. Ng4 Nbd7 12. Nxf6+ Nxf6 13. Qd2 a5 14. g4 Bg6 15.
h4 h5 16. g5 Ng4 17. O-O-O a4 18. Rdg1 a3 19. b3 Bb4 20. Kc2 Qd7 21. Bxg4 hxg4
22. h5 Bf5 23. g6 fxg6 24. h6 c6 25. dxc6 Qxc6 26. hxg7 Qf6 27. Nd5 Bxd2 28.
Nxf6+ Kf7 29. Nxe8 Rxe8 30. Kxd2 Kxg7 31. Rg3 Kf6 32. Rc1 Rd8 33. Rgg1 Rd7 34.
c5 bxc5 35. Rxc5 Rh7 36. Ra5 Rh2 37. Rxa3 Ke6 38. Ra6+ Kd5 39. Rc1 {Normal} 1-0

[Event "Rated Blitz game"]
[Site "?"]
[Date "2021.10.24"]
[Round "?"]
[White "pachanga1991"]
[Black "Pepiton61"]
[Result "0-1"]
[WhiteElo "2365"]
[BlackElo "2402"]
[PlyCount "42"]
[EventDate "2021.??.??"]
[EventType "blitz"]

1. e4 e5 2. Nf3 d5 3. Nxe5 Bd6 4. d4 dxe4 5. Nc3 Nf6 6. Bc4 O-O 7. Bg5 Nbd7 8.
Nxd7 Bxd7 9. O-O Re8 10. Re1 h6 11. Bxf6 Qxf6 12. Nxe4 Bxh2+ 13. Kxh2 Qh4+ 14.
Kg1 Rxe4 15. Rxe4 Qxe4 16. Bd3 Qf4 17. c3 Re8 18. Bc2 Bg4 19. Qd3 g6 20. Rf1
Be2 21. Qh3 Bxf1 {Normal} 0-1

[Event "Rated Blitz game"]
[Site "?"]
[Date "2021.10.24"]
[Round "?"]
[White "Ofird94"]
[Black "roger100"]
[Result "1-0"]
[WhiteElo "2411"]
[BlackElo "2370"]
[PlyCount "41"]
[EventDate "2021.??.??"]
[EventType "blitz"]

1. e4 e5 2. Nf3 d5 3. exd5 e4 4. Qe2 Nf6 5. Nc3 Bb4 6. Nxe4 O-O 7. Nxf6+ Qxf6
8. Qe5 Qg6 9. Bd3 Qh6 10. O-O Bg4 11. Qg5 Bxf3 12. Qxh6 gxh6 13. gxf3 Nd7 14.
c4 Ne5 15. Be2 Bc5 16. f4 Ng6 17. d3 Rfe8 18. Re1 Bb4 19. Be3 Bxe1 20. Rxe1
Nxf4 21. Bxf4 {Normal} 1-0

[Event "Rated Blitz game"]
[Site "?"]
[Date "2021.10.24"]
[Round "?"]
[White "mared2"]
[Black "Annali-annaliew1979"]
[Result "1-0"]
[WhiteElo "2461"]
[BlackElo "2396"]
[PlyCount "63"]
[EventDate "2021.??.??"]
[EventType "blitz"]

1. e4 e5 2. Nf3 d5 3. exd5 e4 4. Qe2 f5 5. d3 Nf6 6. Bg5 Be7 7. Bxf6 Bxf6 8.
dxe4 fxe4 9. Qxe4+ Kf7 10. Be2 Bxb2 11. O-O Bxa1 12. Bc4 Bf6 13. d6+ Kf8 14.
dxc7 Qxc7 15. Re1 Bd7 16. Qd5 Bc6 17. Qc5+ Be7 18. Qf5+ Bf6 19. Ng5 Bd7 20. Qd5
Bc8 21. Nd2 Nc6 22. Nf7 Nb4 23. Qb5 Nc6 24. Ne4 Bf5 25. Qxf5 Re8 26. Nxh8 Re5
27. Qxh7 Ne7 28. Bb3 Qc3 29. Rd1 Qc7 30. Nxf6 Qd6 31. Qg8+ Nxg8 32. Ng6# {
Normal} 1-0

[Event "Rated Blitz game"]
[Site "?"]
[Date "2021.10.24"]
[Round "?"]
[White "estopa"]
[Black "khalid_ontawar"]
[Result "1-0"]
[WhiteElo "2488"]
[BlackElo "2458"]
[PlyCount "67"]
[EventDate "2021.??.??"]
[EventType "blitz"]

1. e4 e5 2. Nf3 d5 3. d3 dxe4 4. dxe4 Qxd1+ 5. Kxd1 Bg4 6. Nbd2 Nc6 7. c3 Bxf3+
8. Nxf3 Nf6 9. Bd3 O-O-O 10. Kc2 Ng4 11. Rf1 Bc5 12. Bg5 f6 13. Bh4 g6 14. Rae1
g5 15. Bg3 h5 16. h4 gxh4 17. Nxh4 Rhg8 18. Nf5 Rde8 19. b4 Bb6 20. f3 Ne3+ 21.
Nxe3 Bxe3 22. Rxe3 Rxg3 23. Rf2 Reg8 24. Ree2 h4 25. Bc4 R8g7 26. Be6+ Kd8 27.
Rd2+ Ke8 28. Bh3 Ne7 29. Rd1 Ng6 30. Rfd2 Nf4 31. Rd8+ Kf7 32. R1d7+ Kg6 33.
Bf5+ Kh6 34. Rh8+ {Normal} 1-0

[Event "Rated Rapid game"]
[Site "?"]
[Date "2021.10.24"]
[Round "?"]
[White "estref01"]
[Black "artsportscience"]
[Result "1-0"]
[WhiteElo "2260"]
[BlackElo "2436"]
[PlyCount "62"]
[EventDate "2021.??.??"]
[EventType "rapid"]

1. e4 e5 2. Nf3 d5 3. d4 dxe4 4. Nxe5 Bd6 5. Nc4 Nf6 6. Nc3 Be7 7. Be3 Bf5 8.
h3 O-O 9. g4 Bg6 10. Bg2 c6 11. O-O b5 12. Ne5 b4 13. Nxg6 bxc3 14. Nxf8 cxb2
15. Rb1 Bxf8 16. Rxb2 Nbd7 17. c4 Bd6 18. Qc2 Qe7 19. Rb7 Rd8 20. c5 Bb8 21.
Rfb1 Qe6 22. Qb3 Nd5 23. Bg5 f6 24. Bh4 Bf4 25. Re1 Re8 26. Rxe4 Qf7 27. Rxa7
h5 28. Rxd7 Qxd7 29. Rxf4 Re1+ 30. Kh2 Qe6 31. Rf5 Qe3 {Normal} 1-0

[Event "Rated Blitz game"]
[Site "?"]
[Date "2021.10.24"]
[Round "?"]
[White "realborg"]
[Black "SerialDrinker"]
[Result "1-0"]
[WhiteElo "2463"]
[BlackElo "2319"]
[PlyCount "39"]
[EventDate "2021.??.??"]
[EventType "blitz"]

1. e4 e5 2. Nf3 d5 3. Nc3 dxe4 4. Nxe4 Nf6 5. Nxf6+ Qxf6 6. d3 Bg4 7. Be2 Nc6
8. c3 O-O-O 9. Qc2 Bc5 10. Bg5 Qf5 11. Bxd8 Rxd8 12. Rd1 g5 13. h3 Bxf3 14.
Bxf3 h5 15. b4 Bb6 16. Bxh5 Kb8 17. Bf3 e4 18. Bxe4 Qf4 19. Bxc6 Re8+ 20. Bxe8
{Normal} 1-0

[Event "Rated Blitz game"]
[Site "?"]
[Date "2021.10.24"]
[Round "?"]
[White "Timur_93"]
[Black "batalla2"]
[Result "1-0"]
[WhiteElo "2447"]
[BlackElo "2454"]
[PlyCount "61"]
[EventDate "2021.??.??"]
[EventType "blitz"]

1. e4 e5 2. Nf3 d5 3. exd5 Bd6 4. Qe2 Nf6 5. d4 e4 6. Nc3 O-O 7. Ne5 Re8 8. Bf4
Nbd7 9. Nxd7 Qxd7 10. Bxd6 Qxd6 11. O-O-O Nxd5 12. Nxe4 Qf4+ 13. Kb1 Qxe4 14.
Qh5 Nf6 15. Qg5 Qg4 16. Qc1 Bf5 17. h3 Qg6 18. g4 Be4 19. Rg1 Rad8 20. h4 Bf3
21. Rd3 Be2 22. h5 Qe4 23. Re3 Qxd4 24. Bxe2 Rxe3 25. fxe3 Qb6 26. Bc4 Ne4 27.
Bb3 a5 28. Rd1 Rxd1 29. Qxd1 h6 30. Qd8+ Kh7 31. Bxf7 {Normal} 1-0